[Event "Open A"]
[Site "Bratto - Castione della Presolana ITA"]
[Date "2009.08.21"]
[Round "1"]
[White "Grandadam, Nicolas"]
[Black "Grigore, George-Gabriel"]
[Result "0-1"]
[WhiteElo "2165"]
[BlackElo "2558"]
[PlyCount "74"]
[EventDate "2009.08.21"]

1. Nf3 Nf6 2. c4 g6 3. Nc3 Bg7 4. e4 d6 5. d4 O-O 6. Be2 e5 7. Be3 exd4 8. Nxd4
Re8 9. Qc2 c6 10. O-O Qe7 11. f3 a6 12. Bf2 Nbd7 13. Rad1 Ne5 14. Qd2 b5 15.
cxb5 cxb5 16. Nc2 Rd8 17. Nb4 Qb7 18. Nbd5 Nxd5 19. Nxd5 Be6 20. Bh4 Rdb8 21.
Nf6+ Kh8 22. Qxd6 Nc4 23. Bxc4 Bxc4 24. Rf2 Bxa2 25. Nd7 Rg8 26. Bf6 Be6 27.
Bxg7+ Rxg7 28. Nf6 Qb8 29. Rfd2 Qa7+ 30. Kh1 Bb3 31. Rc1 a5 32. Rc3 a4 33. Rcd3
Rc8 34. Qc6 Rgg8 35. Qd6 Rc1+ 36. Rd1 Bxd1 37. Rxd1 Qe7 0-1

[Event "Open A"]
[Site "Bratto - Castione della Presolana ITA"]
[Date "2009.08.21"]
[Round "1"]
[White "Lapiccirella, Daniele"]
[Black "Borisek, Jure"]
[Result "1/2-1/2"]
[WhiteElo "2203"]
[BlackElo "2575"]
[PlyCount "90"]
[EventDate "2009.08.21"]

1. d4 Nf6 2. c4 g6 3. Nc3 d5 4. Nf3 Bg7 5. Bg5 Ne4 6. cxd5 Nxg5 7. Nxg5 e6 8.
Qa4+ c6 9. dxc6 Nxc6 10. Nf3 Bd7 11. Qd1 Qb6 12. Qd2 O-O 13. e3 Rad8 14. Be2 e5
15. Nd5 Qa5 16. Qxa5 Nxa5 17. Nxe5 Bxe5 18. dxe5 Kg7 19. O-O Be6 20. Nf4 Rd2
21. b3 Rc8 22. Bd3 Nc6 23. Rfd1 Rxd1+ 24. Rxd1 Nxe5 25. Nxe6+ fxe6 26. Be4 Rc7
27. Kf1 Kf6 28. Ke2 Ke7 29. Rd2 b6 30. Rc2 Rxc2+ 31. Bxc2 Kd6 32. h4 Nc6 33. h5
Nb4 34. Bxg6 Nxa2 35. Bc2 h6 36. g4 Ke5 37. f4+ Kf6 38. Kd3 Nb4+ 39. Kc3 a5 40.
Be4 b5 41. Bb7 e5 42. Be4 Na2+ 43. Kb2 Nb4 44. Kc3 Na2+ 45. Kb2 Nb4 1/2-1/2

[Event "Open A"]
[Site "Bratto - Castione della Presolana ITA"]
[Date "2009.08.21"]
[Round "1"]
[White "Lenic, Luka"]
[Black "Manfredi, Vincenzo"]
[Result "1-0"]
[WhiteElo "2565"]
[BlackElo "2183"]
[PlyCount "59"]
[EventDate "2009.08.21"]

1. d4 Nf6 2. Nf3 g6 3. Bf4 Bg7 4. e3 O-O 5. Be2 c5 6. c3 b6 7. O-O Ba6 8. Bxa6
Nxa6 9. e4 cxd4 10. cxd4 Nc7 11. Nc3 Ne6 12. Be3 d5 13. e5 Ne4 14. Rc1 Qc7 15.
Qb3 Rfd8 16. Rc2 Qd7 17. Rfc1 Rac8 18. Ne1 h5 19. Nd3 Bh6 20. Nb4 Bxe3 21. fxe3
Nxc3 22. Rxc3 Rxc3 23. Qxc3 Ng5 24. Qc7 Ne4 25. Qxd7 Rxd7 26. Rc8+ Kg7 27. Kf1
e6 28. Ke2 f6 29. Nc6 f5 30. Nd8 1-0

[Event "Open A"]
[Site "Bratto - Castione della Presolana ITA"]
[Date "2009.08.21"]
[Round "1"]
[White "Locci, Damiano"]
[Black "Romanishin, Oleg M."]
[Result "1/2-1/2"]
[WhiteElo "2119"]
[BlackElo "2503"]
[PlyCount "138"]
[EventDate "2009.08.21"]

1. c4 e5 2. Nc3 Nf6 3. Nf3 Nc6 4. a3 g6 5. g3 d5 6. cxd5 Nxd5 7. Bg2 Bg7 8. O-O
Nxc3 9. dxc3 O-O 10. Bg5 Qxd1 11. Rfxd1 h6 12. Be3 a5 13. Bc5 Re8 14. e4 a4 15.
Bf1 Bg4 16. Kg2 Na5 17. Be3 c6 18. h3 Be6 19. Bb6 Nc4 20. Bxc4 Bxc4 21. Rd7 Be6
22. Rxb7 Rab8 23. Rxb8 Rxb8 24. Bc7 Rxb2 25. Bxe5 c5 26. Bd6 Bf8 27. e5 Rb3 28.
Nd2 Rxc3 29. Ne4 Bd5 30. f3 Rc2+ 31. Kg1 Bxe4 32. fxe4 Rc3 33. Kf2 c4 34. Rd1
h5 35. Rd5 Bh6 36. Ra5 Rd3 37. Ra8+ Kh7 38. e6 fxe6 39. Be5 g5 40. Rc8 Rxa3 41.
Rxc4 g4 42. hxg4 hxg4 43. Rc7+ Kg8 44. Re7 Rf3+ 45. Kg2 Bf8 46. Rxe6 Kf7 47.
Ra6 a3 48. Bd6 Bxd6 49. Rxd6 Rf6 50. Rd7+ Ke6 51. Ra7 Rf3 52. Ra5 Kf6 53. Ra6+
Ke5 54. Ra5+ Kxe4 55. Ra4+ Kd5 56. Rxg4 Rc3 57. Ra4 Kc5 58. Kh3 Kb5 59. Ra8 Kb4
60. Kh4 Kb3 61. g4 a2 62. Kh5 Rh3+ 63. Kg6 Rh1 64. g5 a1=Q 65. Rxa1 Rxa1 66.
Kf7 Rf1+ 67. Ke6 Rg1 68. Kf6 Kc4 69. g6 Kd5 1/2-1/2

[Event "Open A"]
[Site "Bratto - Castione della Presolana ITA"]
[Date "2009.08.21"]
[Round "1"]
[White "Pavasovic, Dusko"]
[Black "Valenti, Giuseppe"]
[Result "1-0"]
[WhiteElo "2605"]
[BlackElo "2224"]
[PlyCount "55"]
[EventDate "2009.08.21"]

1. e4 c5 2. c3 Nf6 3. e5 Nd5 4. Nf3 d6 5. d4 cxd4 6. cxd4 Nc6 7. Bc4 Nb6 8. Bb3
e6 9. Qe2 dxe5 10. dxe5 Nb4 11. Bg5 Qd3 12. Nc3 Qxe2+ 13. Kxe2 Bd7 14. Rhd1 h6
15. Be3 Bc6 16. Nd4 N6d5 17. Nxd5 Nxd5 18. Nxc6 bxc6 19. Ba4 Kd7 20. Rac1 Rc8
21. Rc4 Be7 22. Bxa7 f6 23. Rdc1 fxe5 24. Bxc6+ Rxc6 25. Rxc6 Ra8 26. Ra6 Nb4
27. Ra3 Nd5 28. Bc5 1-0

[Event "Open A"]
[Site "Bratto - Castione della Presolana ITA"]
[Date "2009.08.21"]
[Round "1"]
[White "Salmoiraghi, Angelo"]
[Black "Brunello, Sabino"]
[Result "0-1"]
[WhiteElo "2151"]
[BlackElo "2547"]
[PlyCount "40"]
[EventDate "2009.08.21"]

1. e4 c5 2. Nc3 d6 3. f4 g6 4. Nf3 Bg7 5. Bb5+ Nd7 6. a4 a6 7. Bc4 e6 8. O-O
Ne7 9. d3 b6 10. Ng5 h6 11. Nxf7 Kxf7 12. f5 Nf6 13. fxg6+ Kxg6 14. e5 dxe5 15.
Qf3 Ra7 16. Ne4 Nxe4 17. Qxe4+ Nf5 18. Be3 Rf8 19. g4 Bb7 20. gxf5+ exf5 0-1

[Event "Open A"]
[Site "Bratto - Castione della Presolana ITA"]
[Date "2009.08.21"]
[Round "1"]
[White "Sanchez, Joseph"]
[Black "Tramalloni, Luca"]
[Result "1-0"]
[WhiteElo "2491"]
[BlackElo "2116"]
[PlyCount "39"]
[EventDate "2009.08.21"]

1. e4 c5 2. Nf3 d6 3. d4 cxd4 4. Qxd4 Nc6 5. Bb5 Bd7 6. Bxc6 Bxc6 7. Nc3 Nf6 8.
Bg5 e6 9. O-O-O Be7 10. Qd3 O-O 11. Nd4 Qa5 12. f4 Rac8 13. Kb1 a6 14. h4 b5
15. e5 dxe5 16. fxe5 Nd5 17. Nxc6 Rxc6 18. Nxd5 Bxg5 19. hxg5 exd5 20. Qxh7#
1-0

[Event "Open A"]
[Site "Bratto - Castione della Presolana ITA"]
[Date "2009.08.21"]
[Round "1"]
[White "Sax, Gyula"]
[Black "Andreoli, Renato"]
[Result "1-0"]
[WhiteElo "2524"]
[BlackElo "2136"]
[PlyCount "67"]
[EventDate "2009.08.21"]

1. e4 e5 2. Nf3 Nc6 3. Bb5 Nf6 4. d3 d6 5. O-O a6 6. Bxc6+ bxc6 7. d4 exd4 8.
Nxd4 c5 9. Nb3 Be7 10. Nc3 O-O 11. Bg5 a5 12. Re1 a4 13. Nd2 a3 14. b3 h6 15.
Bh4 Re8 16. Nc4 Be6 17. Qd3 Nd7 18. Bxe7 Qxe7 19. f4 Bxc4 20. Qxc4 Nb6 21. Qd3
Qe6 22. Nb5 Re7 23. c4 Rae8 24. Rad1 Qf6 25. Qf3 Nc8 26. Re2 c6 27. Nxa3 Nb6
28. Nc2 Qg6 29. f5 Qf6 30. Ne3 Nd7 31. Ng4 Qg5 32. Rxd6 h5 33. Nf2 Ne5 34. Qe3
1-0

[Event "Open A"]
[Site "Bratto - Castione della Presolana ITA"]
[Date "2009.08.21"]
[Round "1"]
[White "Vocaturo, Daniele"]
[Black "Bemporad, Filippo"]
[Result "1-0"]
[WhiteElo "2507"]
[BlackElo "2122"]
[PlyCount "53"]
[EventDate "2009.08.21"]

1. e4 c5 2. Nf3 d6 3. d4 cxd4 4. Nxd4 Nf6 5. Nc3 e6 6. Be2 Be7 7. O-O O-O 8. f4
a6 9. Be3 Qc7 10. Kh1 Nc6 11. Qe1 Na5 12. Qg3 Nc4 13. Bxc4 Qxc4 14. e5 Nh5 15.
Qf3 g6 16. Rad1 Rb8 17. Nb3 Qc7 18. Ba7 Ra8 19. Qe3 b5 20. Bb6 Qb8 21. Na5 Bd7
22. exd6 Bxd6 23. Ne4 Bc7 24. Bxc7 Qxc7 25. g4 Bc6 26. Nxc6 Qxc6 27. Qf3 1-0

[Event "Open A"]
[Site "Bratto - Castione della Presolana ITA"]
[Date "2009.08.22"]
[Round "2"]
[White "Andreoli, Renato"]
[Black "Angelini, Marco"]
[Result "0-1"]
[WhiteElo "2136"]
[BlackElo "2051"]
[PlyCount "58"]
[EventDate "2009.08.21"]

1. Nf3 Nf6 2. g3 c5 3. Bg2 g6 4. O-O Bg7 5. c3 O-O 6. d4 cxd4 7. cxd4 d5 8. Nc3
Nc6 9. Ne5 Bf5 10. Nxc6 bxc6 11. Bf4 Rc8 12. Rc1 Nd7 13. Na4 e5 14. Be3 e4 15.
b3 h6 16. Qd2 g5 17. f4 exf3 18. exf3 Re8 19. Bf2 Nf8 20. Nc5 Qf6 21. Nd3 Qd6
22. Nc5 Ne6 23. Nxe6 Rxe6 24. Rfe1 Rce8 25. Rxe6 Rxe6 26. Qa5 Re2 27. Qa6 Qe7
28. Qa4 Bd3 29. Rd1 Bb5 0-1

[Event "Open A"]
[Site "Bratto - Castione della Presolana ITA"]
[Date "2009.08.22"]
[Round "2"]
[White "Aranovitch, Emiliano"]
[Black "Sax, Gyula"]
[Result "0-1"]
[WhiteElo "2356"]
[BlackElo "2524"]
[PlyCount "94"]
[EventDate "2009.08.21"]

1. e4 g6 2. d4 Bg7 3. Nf3 d6 4. Bc4 Nf6 5. Qe2 O-O 6. e5 dxe5 7. dxe5 Nd5 8. h3
Nc6 9. O-O Nb6 10. Bb3 Nd4 11. Nxd4 Qxd4 12. Re1 a5 13. a4 Be6 14. Bxe6 fxe6
15. Nd2 Nxa4 16. Nf3 Qd7 17. Rd1 Qe8 18. Qc4 b5 19. Qxe6+ Kh8 20. b3 Nc5 21.
Qd5 Rd8 22. Qxd8 Qxd8 23. Rxd8 Rxd8 24. Bg5 Ra8 25. b4 Nb7 26. bxa5 Rxa5 27.
Rd1 Ra2 28. Rd7 Rxc2 29. Rxe7 Kg8 30. Bf6 Bxf6 31. exf6 Rc6 32. Rg7+ Kh8 33.
Rf7 Kg8 34. Ne5 Rc1+ 35. Kh2 Nd6 36. Rd7 h6 37. Rd8+ Kh7 38. Rd7+ Kg8 39. f7+
Kg7 40. f4 b4 41. Rd8 Nxf7 42. Rd7 b3 43. Rxf7+ Kg8 44. Rd7 b2 45. Ng4 Kf8 46.
Nf6 Rc6 47. Rd8+ Kf7 0-1

[Event "Open A"]
[Site "Bratto - Castione della Presolana ITA"]
[Date "2009.08.22"]
[Round "2"]
[White "Brunello, Sabino"]
[Black "Rombaldoni, Axel"]
[Result "0-1"]
[WhiteElo "2547"]
[BlackElo "2425"]
[PlyCount "48"]
[EventDate "2009.08.21"]

1. d4 Nf6 2. c4 g6 3. g3 Bg7 4. Bg2 O-O 5. Nc3 c6 6. e4 d6 7. Nge2 e5 8. O-O
Nbd7 9. d5 cxd5 10. Nxd5 Nxd5 11. Qxd5 Nc5 12. b3 Be6 13. Qd2 a6 14. Rd1 b5 15.
cxb5 axb5 16. Bb2 Ra6 17. Nc3 b4 18. Nb5 Qa5 19. Qe2 Rd8 20. Rac1 Qb6 21. Ba1
Ra5 22. Bf1 h5 23. Qe3 Rxa2 24. Bc4 Kh7 0-1

[Event "Open A"]
[Site "Bratto - Castione della Presolana ITA"]
[Date "2009.08.22"]
[Round "2"]
[White "Cebalo, Miso"]
[Black "Bentivegna, Francesco"]
[Result "1/2-1/2"]
[WhiteElo "2476"]
[BlackElo "2324"]
[PlyCount "197"]
[EventDate "2009.08.21"]

1. d4 Nf6 2. c4 g6 3. Nc3 d5 4. cxd5 Nxd5 5. Bd2 Bg7 6. e4 Nb6 7. Be3 Nc6 8. d5
Ne5 9. Bd4 O-O 10. f4 Ng4 11. Bxg7 Kxg7 12. Nf3 e6 13. Qd4+ Kg8 14. h3 Nf6 15.
O-O-O exd5 16. exd5 c5 17. dxc6 Qxd4 18. Nxd4 bxc6 19. Nxc6 Bb7 20. Na5 Be4 21.
Ba6 Bxg2 22. Rh2 Bf3 23. Rd3 Bh5 24. Nc6 Rfe8 25. Bb7 Re1+ 26. Kc2 Rae8 27. Ne5
Rf1 28. Rd4 Re7 29. Bc6 Rg1 30. a4 a5 31. Bb5 g5 32. Nc6 Rd7 33. Rxd7 Nfxd7 34.
fxg5 Nc5 35. Nxa5 Bg6+ 36. Kd2 Ncxa4 37. Nxa4 Nxa4 38. Bxa4 Ra1 39. Bc2 Rxa5
40. Bxg6 hxg6 41. Rg2 Kg7 42. Kc3 f6 43. gxf6+ Kxf6 44. Rg3 Ra8 45. Rg4 g5 46.
b3 Rc8+ 47. Kb2 Rh8 48. Rg3 Rb8 49. Kc3 Rc8+ 50. Kd4 Rd8+ 51. Kc5 Rc8+ 52. Kd6
Rb8 53. Rf3+ Kg6 54. Kc5 Rc8+ 55. Kd4 Rd8+ 56. Kc3 Rc8+ 57. Kb2 Rb8 58. Kc2 Rb7
59. Rc3 Rb8 60. Rc6+ Kf5 61. Rh6 Rc8+ 62. Kb2 Rb8 63. Rh7 Kg6 64. Rd7 Rh8 65.
Rd3 Rb8 66. Rf3 Kg7 67. Kc3 Rc8+ 68. Kd4 Rd8+ 69. Ke5 Rb8 70. Rc3 Kg6 71. Kd6
Kf5 72. Rf3+ Kg6 73. Kc7 Rb4 74. Rd3 Kh5 75. Rg3 Kh4 76. Rc3 Kh5 77. Kc6 Rb8
78. Rg3 Kh4 79. Rd3 Kh5 80. Kc5 Rc8+ 81. Kb4 Kg6 82. Rd6+ Kf5 83. Rd5+ Kg6 84.
Rc5 Rh8 85. Rc3 Rb8+ 86. Kc5 Rc8+ 87. Kd4 Rd8+ 88. Ke4 Re8+ 89. Kf3 Rb8 90. Ke2
Re8+ 91. Kd2 Rd8+ 92. Kc2 Rb8 93. Rc6+ Kf5 94. Rc4 Rh8 95. Rc3 Rb8 96. Rf3+ Kg6
97. Kb2 Kg7 98. Rg3 Kf6 99. Rf3+ 1/2-1/2

[Event "Open A"]
[Site "Bratto - Castione della Presolana ITA"]
[Date "2009.08.22"]
[Round "2"]
[White "Collutiis, Duilio"]
[Black "Pavasovic, Dusko"]
[Result "0-1"]
[WhiteElo "2449"]
[BlackElo "2605"]
[PlyCount "78"]
[EventDate "2009.08.21"]

1. e4 e5 2. Nf3 Nc6 3. Bb5 a6 4. Bxc6 dxc6 5. O-O Bg4 6. h3 Bh5 7. g4 Bg6 8.
Nxe5 Qh4 9. Qf3 f6 10. Nxg6 hxg6 11. Kg2 O-O-O 12. d3 Bd6 13. Rh1 g5 14. Nc3
Ne7 15. Ne2 Qh7 16. Bd2 Ng6 17. Kf1 Kb8 18. Bc3 Rhe8 19. b4 Qg8 20. a4 Qf8 21.
Rb1 Qf7 22. Rb3 Nh4 23. Qe3 Rd7 24. Nd4 Bf4 25. Qe2 Red8 26. Nf5 Rxd3 27. Nxh4
gxh4 28. Ra3 Rd1+ 29. Kg2 Rxh1 30. Kxh1 Qd7 31. Ra1 Qd6 32. Rb1 Be5 33. Be1 b5
34. Kg2 Kb7 35. axb5 cxb5 36. Kf1 g5 37. Qf3 Qc6 38. Qe2 Rd4 39. f3 Rc4 0-1

[Event "Open A"]
[Site "Bratto - Castione della Presolana ITA"]
[Date "2009.08.22"]
[Round "2"]
[White "Damia, Angelo"]
[Black "Sanchez, Joseph"]
[Result "0-1"]
[WhiteElo "2291"]
[BlackElo "2491"]
[PlyCount "114"]
[EventDate "2009.08.21"]

1. e4 c5 2. Nf3 Nc6 3. d4 cxd4 4. Nxd4 Nf6 5. Nc3 e5 6. Ndb5 d6 7. Bg5 a6 8.
Na3 Be6 9. Nc4 Rc8 10. Nd5 Bxd5 11. Bxf6 gxf6 12. Qxd5 Nd4 13. Bd3 Qe7 14. b4
Rg8 15. O-O Qe6 16. Qxe6+ fxe6 17. Ne3 Bh6 18. c4 Ke7 19. Kh1 Bxe3 20. fxe3 Nc6
21. Rab1 a5 22. bxa5 Nxa5 23. Rb5 Rc5 24. Rfb1 Ra8 25. Kg1 Kd7 26. Rxc5 dxc5
27. Rb6 Ra7 28. a3 Nc6 29. Rb3 Kc7 30. Kf2 b6 31. Ke2 Ra8 32. Kf3 Na5 33. Rc3
Nb7 34. g4 Nd6 35. Bc2 Kc6 36. a4 Nb7 37. h4 Kc7 38. Bd1 Rd8 39. Ke2 Na5 40.
Bc2 Nb7 41. Rd3 Nd6 42. Rd1 Nxc4 43. Rxd8 Kxd8 44. Bb3 Nd6 45. Bxe6 Nxe4 46.
Kd3 Nd6 47. g5 Ke7 48. Bg8 fxg5 49. hxg5 Kf8 50. Bxh7 Kg7 51. Be4 c4+ 52. Kc3
Nxe4+ 53. Kxc4 Nc5 54. Kd5 e4 55. a5 bxa5 56. Kxc5 Kg6 57. Kd4 a4 0-1

[Event "Open A"]
[Site "Bratto - Castione della Presolana ITA"]
[Date "2009.08.22"]
[Round "2"]
[White "Dvirnyy, Danyyil"]
[Black "Lenic, Luka"]
[Result "1/2-1/2"]
[WhiteElo "2440"]
[BlackElo "2565"]
[PlyCount "64"]
[EventDate "2009.08.21"]

1. e4 c5 2. Nf3 e6 3. d4 cxd4 4. Nxd4 a6 5. c4 Nf6 6. Nc3 Bb4 7. Bd3 Nc6 8. Nc2
Bxc3+ 9. bxc3 d6 10. O-O Qc7 11. f4 b6 12. Rb1 Bb7 13. Be3 Nd7 14. Qg4 Nc5 15.
Bxc5 dxc5 16. Ne3 g6 17. Qg5 Rd8 18. Qf6 Rf8 19. Rfd1 Kd7 20. Nd5 exd5 21. cxd5
Kc8 22. dxc6 Qxc6 23. Qxc6+ Bxc6 24. Rxb6 Kc7 25. Rb2 Bxe4 26. Be2 Rxd1+ 27.
Bxd1 Rd8 28. Be2 Bd3 29. Bf3 Bb5 30. a4 Bc6 31. Bxc6 Kxc6 32. a5 Kc7 1/2-1/2

[Event "Open A"]
[Site "Bratto - Castione della Presolana ITA"]
[Date "2009.08.22"]
[Round "2"]
[White "Godena, Michele"]
[Black "Guido, Flavio"]
[Result "1-0"]
[WhiteElo "2540"]
[BlackElo "2400"]
[PlyCount "39"]
[EventDate "2009.08.21"]

1. e4 c5 2. c3 d5 3. exd5 Qxd5 4. d4 Nf6 5. Nf3 cxd4 6. cxd4 e6 7. Nc3 Qd6 8.
Bc4 Be7 9. O-O O-O 10. Bg5 Nc6 11. Re1 a6 12. d5 exd5 13. Nxd5 Nxd5 14. Bxd5
Rd8 15. Bxc6 Qxc6 16. Nd4 Rxd4 17. Qxd4 Bxg5 18. Rac1 Qb5 19. a4 Qd7 20. Rc7
1-0

[Event "Open A"]
[Site "Bratto - Castione della Presolana ITA"]
[Date "2009.08.22"]
[Round "2"]
[White "Grigore, George-Gabriel"]
[Black "Salvador, Roland"]
[Result "1/2-1/2"]
[WhiteElo "2558"]
[BlackElo "2447"]
[PlyCount "99"]
[EventDate "2009.08.21"]

1. d4 Nf6 2. c4 e6 3. Nc3 Bb4 4. Qc2 d5 5. cxd5 Qxd5 6. Nf3 Qf5 7. Qb3 Nc6 8.
Bd2 a5 9. a3 a4 10. Qd1 Bd6 11. e3 O-O 12. Nh4 Qg5 13. g3 e5 14. d5 Ne7 15. e4
Qg4 16. Qxg4 Bxg4 17. f3 Bd7 18. Nb5 Ne8 19. Rc1 f5 20. Nxd6 cxd6 21. Bh3 h6
22. O-O g5 23. Nxf5 Nxf5 24. Bxf5 Bxf5 25. exf5 Rxf5 26. Rc4 Kg7 27. Kg2 Rf7
28. f4 gxf4 29. gxf4 Nf6 30. fxe5 dxe5 31. d6 Ra6 32. Rc7 Kg6 33. Bxh6 Rxc7 34.
dxc7 Ra8 35. Bd2 Rc8 36. Ba5 b6 37. Bxb6 Nd5 38. Rd1 Nxb6 39. Rd6+ Kf5 40. Rxb6
Rxc7 41. h4 e4 42. h5 Kg4 43. h6 Kf4 44. b3 axb3 45. Rxb3 Rc2+ 46. Kf1 Rh2 47.
Rb6 e3 48. a4 e2+ 49. Ke1 Ke3 50. Rb3+ 1/2-1/2

[Event "Open A"]
[Site "Bratto - Castione della Presolana ITA"]
[Date "2009.08.22"]
[Round "2"]
[White "Hunt, Adam C."]
[Black "Chatalbashev, Boris"]
[Result "1/2-1/2"]
[WhiteElo "2428"]
[BlackElo "2548"]
[PlyCount "107"]
[EventDate "2009.08.21"]

1. e4 g6 2. d4 Bg7 3. Nc3 d6 4. Be3 a6 5. f3 b5 6. Qd2 Nd7 7. h4 h5 8. Nh3 Nb6
9. Ng5 Nf6 10. O-O-O e6 11. d5 exd5 12. Bxb6 cxb6 13. Nxd5 O-O 14. c3 Nxd5 15.
Qxd5 Ra7 16. Be2 b4 17. cxb4 Qf6 18. Rd2 a5 19. Qxd6 axb4 20. Qxf6 Bxf6 21. Kb1
Ra5 22. Bc4 Bxg5 23. hxg5 Rxg5 24. Kc2 Kg7 25. Kb3 f5 26. e5 f4 27. Re1 Re8 28.
Rde2 h4 29. Kxb4 h3 30. gxh3 Bxh3 31. Kb5 Bg2 32. Rf2 Rg3 33. Bd5 g5 34. Kxb6
g4 35. a4 Bxf3 36. Bxf3 Rxf3 37. Rxf3 gxf3 38. Rf1 Kg6 39. Rxf3 Kf5 40. b4 Re6+
41. Kc7 Re7+ 42. Kc6 Re6+ 43. Kd7 Rxe5 44. b5 Re3 45. Rf1 Ra3 46. b6 Rxa4 47.
Rb1 f3 48. b7 Ra7 49. Kd6 Rxb7 50. Rxb7 Ke4 51. Rb4+ Ke3 52. Ke5 f2 53. Rb3+
Ke2 54. Rb2+ 1/2-1/2

[Event "Open A"]
[Site "Bratto - Castione della Presolana ITA"]
[Date "2009.08.22"]
[Round "2"]
[White "Nikolova, Adriana"]
[Black "Vocaturo, Daniele"]
[Result "1/2-1/2"]
[WhiteElo "2316"]
[BlackElo "2507"]
[PlyCount "101"]
[EventDate "2009.08.21"]

1. e4 c5 2. Nf3 d6 3. d4 cxd4 4. Nxd4 Nf6 5. Nc3 g6 6. f3 Bg7 7. Be3 O-O 8. Bc4
Nc6 9. Qd2 Bd7 10. Bb3 Rc8 11. O-O-O Ne5 12. h4 h5 13. Bg5 Rc5 14. Kb1 Re8 15.
g4 hxg4 16. f4 Nc4 17. Qe2 Qc8 18. f5 Nxb2 19. Kxb2 Rxc3 20. fxg6 Rxb3+ 21.
axb3 fxg6 22. c3 Qc5 23. Rhe1 Rc8 24. Qd2 a5 25. Rc1 a4 26. Bh6 Bh8 27. Qg5
Qxg5 28. Bxg5 e5 29. Nc2 Be6 30. Rcd1 d5 31. Bxf6 Bxf6 32. exd5 Bd7 33. Re4
axb3 34. Ne3 Bf5 35. Rc4 Rxc4 36. Nxc4 Bxh4 37. d6 g3 38. d7 Bxd7 39. Rxd7 g2
40. Rd1 Bf2 41. Nxe5 g1=Q 42. Rxg1 Bxg1 43. Nxg6 Bh2 44. Ne7+ Kf7 45. Nd5 Ke6
46. Ne3 Bg1 47. Nc4 Kd5 48. Kxb3 b5 49. Na3 Kc5 50. c4 bxc4+ 51. Nxc4 1/2-1/2

[Event "Open A"]
[Site "Bratto - Castione della Presolana ITA"]
[Date "2009.08.22"]
[Round "2"]
[White "Piscopo, Pierluigi"]
[Black "Dervishi, Erald"]
[Result "0-1"]
[WhiteElo "2415"]
[BlackElo "2545"]
[PlyCount "94"]
[EventDate "2009.08.21"]

1. e4 e5 2. Nf3 Nc6 3. Bc4 Nf6 4. d3 Be7 5. O-O O-O 6. Re1 d6 7. a4 h6 8. a5 a6
9. c3 Nh7 10. Be3 Ng5 11. Nbd2 Bf6 12. Nxg5 Bxg5 13. Qh5 Qe7 14. b4 Kh7 15.
Bxg5 Qxg5 16. Qxg5 hxg5 17. Nf1 Ne7 18. Ne3 g6 19. Rad1 Kg7 20. d4 exd4 21.
Rxd4 Re8 22. Rdd1 f6 23. f3 Bd7 24. Kf2 Nc6 25. Nd5 Rac8 26. Bf1 Ne5 27. c4 Be6
28. Rd2 Nd7 29. h3 Kf7 30. Rb1 f5 31. Re1 Nf6 32. Nxf6 Kxf6 33. c5 Red8 34. c6
Rb8 35. e5+ Ke7 36. exd6+ Rxd6 37. Rxd6 Kxd6 38. cxb7 Rxb7 39. Bxa6 Rxb4 40.
Rd1+ Bd5 41. Be2 Ra4 42. a6 Ra2 43. g3 c5 44. Ke3 f4+ 45. gxf4 gxf4+ 46. Kf2
Ke5 47. Re1 c4 0-1

[Event "Open A"]
[Site "Bratto - Castione della Presolana ITA"]
[Date "2009.08.22"]
[Round "2"]
[White "Radice, Luca"]
[Black "Tomba, Ivan"]
[Result "0-1"]
[WhiteElo "2070"]
[BlackElo "2293"]
[PlyCount "44"]
[EventDate "2009.08.21"]

1. Nf3 Nf6 2. d4 e6 3. c4 Nc6 4. a3 d6 5. Nc3 g6 6. g3 Bg7 7. Bg2 O-O 8. O-O
Re8 9. Bg5 h6 10. Bxf6 Qxf6 11. e3 a5 12. Rb1 e5 13. Nd5 Qd8 14. dxe5 Nxe5 15.
Nxe5 Bxe5 16. Qd2 a4 17. Nc3 c6 18. Rbd1 Be6 19. f4 Bg7 20. Qd3 Qb6 21. Rd2 Bf5
22. Qxd6 Rad8 0-1

[Event "Open A"]
[Site "Bratto - Castione della Presolana ITA"]
[Date "2009.08.23"]
[Round "3"]
[White "Delorme, Axel"]
[Black "Grigore, George-Gabriel"]
[Result "1/2-1/2"]
[WhiteElo "2434"]
[BlackElo "2558"]
[PlyCount "67"]
[EventDate "2009.08.21"]

1. e4 c5 2. Nf3 Nc6 3. Bb5 g6 4. O-O Bg7 5. Re1 Nf6 6. e5 Nd5 7. Nc3 Nc7 8.
Bxc6 dxc6 9. Ne4 Ne6 10. d3 O-O 11. Be3 b6 12. Qd2 Nd4 13. Nxd4 cxd4 14. Bh6
Qd5 15. Bxg7 Kxg7 16. Qg5 Qe6 17. Ng3 h6 18. Qh4 c5 19. f4 Kh7 20. Re2 Bb7 21.
f5 gxf5 22. Rf1 Rg8 23. Nxf5 Rg5 24. Nd6 Bxg2 25. Rxf7+ Kh8 26. Rxg2 Rxg2+ 27.
Kxg2 Rg8+ 28. Kf2 Qg6 29. Ke2 exd6 30. Rf6 Qg2+ 31. Rf2 Qg6 32. Rf6 Qg2+ 33.
Rf2 Qg6 34. Rf6 1/2-1/2

[Event "Open A"]
[Site "Bratto - Castione della Presolana ITA"]
[Date "2009.08.23"]
[Round "3"]
[White "Dervishi, Erald"]
[Black "Genocchio, Daniele"]
[Result "1/2-1/2"]
[WhiteElo "2545"]
[BlackElo "2455"]
[PlyCount "133"]
[EventDate "2009.08.21"]

1. e4 e6 2. d4 d5 3. Nd2 Nf6 4. e5 Nfd7 5. Bd3 c5 6. c3 Nc6 7. Ne2 cxd4 8. cxd4
f6 9. exf6 Qxf6 10. Nf3 h6 11. O-O Bd6 12. Ng3 O-O 13. Be3 Rd8 14. Rc1 Nf8 15.
Re1 Bd7 16. a3 Be8 17. Qd2 a6 18. h3 Bg6 19. Bf1 Nd7 20. Nh2 Rf8 21. Ng4 Qh4
22. Ne2 Rad8 23. Nf4 Bf5 24. g3 Qe7 25. Bg2 Qf7 26. Nd3 Qg6 27. Nf4 Qf7 28. Nd3
Qg6 29. Bf4 Bxf4 30. Nxf4 Qf7 31. Ne3 Be4 32. f3 Bh7 33. h4 Nxd4 34. Qxd4 e5
35. Qxd5 exf4 36. gxf4 Nb6 37. Qxf7+ Rxf7 38. f5 Bxf5 39. Nxf5 Rxf5 40. Re6 Rf6
41. Rxf6 gxf6 42. Bh3 Rd2 43. Rc7 Rxb2 44. Be6+ Kf8 45. Rxb7 Na4 46. Rf7+ Ke8
47. Rxf6 Ke7 48. Rg6 Rb6 49. Bf5 Rxg6+ 50. Bxg6 Kf6 51. Bc2 Nc3 52. Kf2 Ke5 53.
Kg3 Nd5 54. Bb3 Nf6 55. Bf7 Kf5 56. a4 a5 57. h5 Ke5 58. Kf2 Kf4 59. Ke2 Nd7
60. Bd5 Nf6 61. Bf7 Nd7 62. Bg6 Ne5 63. Be4 Nd7 64. Kd3 Nc5+ 65. Kc4 Nxa4 66.
Kb5 Nc3+ 67. Kxa5 1/2-1/2

[Event "Open A"]
[Site "Bratto - Castione della Presolana ITA"]
[Date "2009.08.23"]
[Round "3"]
[White "Grandadam, Patrik"]
[Black "Radice, Luca"]
[Result "1/2-1/2"]
[WhiteElo "2066"]
[BlackElo "2070"]
[PlyCount "67"]
[EventDate "2009.08.21"]

1. d4 d6 2. e4 Nf6 3. Nc3 e5 4. Nf3 Nbd7 5. Bc4 Be7 6. O-O O-O 7. Re1 c6 8. a4
b6 9. b3 a6 10. d5 c5 11. Bd3 Ne8 12. Nd2 Bg5 13. Nc4 Bxc1 14. Qxc1 Rb8 15. f4
b5 16. axb5 axb5 17. Na5 c4 18. bxc4 bxc4 19. Nxc4 Qc7 20. Kh1 exf4 21. Qxf4
Ne5 22. Nxe5 dxe5 23. Qd2 Nd6 24. Nd1 f5 25. exf5 e4 26. Bxe4 Nxe4 27. Rxe4
Bxf5 28. Re1 Qxc2 29. Qxc2 Bxc2 30. Ne3 Be4 31. Rad1 Rb2 32. Rd4 Re8 33. h3 Rb3
34. d6 1/2-1/2

[Event "Open A"]
[Site "Bratto - Castione della Presolana ITA"]
[Date "2009.08.23"]
[Round "3"]
[White "Lenic, Luka"]
[Black "Hunt, Adam C."]
[Result "1-0"]
[WhiteElo "2565"]
[BlackElo "2428"]
[PlyCount "101"]
[EventDate "2009.08.21"]

1. d4 Nf6 2. c4 g6 3. Nc3 d5 4. Qb3 dxc4 5. Qxc4 Bg7 6. e4 O-O 7. Be2 Nfd7 8.
Be3 Nb6 9. Qc5 Nc6 10. Rd1 Qd6 11. e5 Qxc5 12. dxc5 Nd7 13. f4 f6 14. Bg4 Ndb8
15. Bxc8 Rxc8 16. exf6 exf6 17. Nd5 Kf7 18. Nf3 Ne7 19. Nxe7 Kxe7 20. f5 Nc6
21. Bf4 Bf8 22. Kf2 g5 23. Rhe1+ Kf7 24. Rd7+ Kg8 25. Bxc7 Bxc5+ 26. Kf1 Re8
27. Bg3 g4 28. Nd2 Rxe1+ 29. Bxe1 Re8 30. Nb3 Bb6 31. Bf2 Re5 32. Bxb6 axb6 33.
Kf2 Rxf5+ 34. Kg3 h5 35. Rxb7 b5 36. Rc7 Nb4 37. Rc5 Rxc5 38. Nxc5 Kf7 39. a3
Nd5 40. b3 Kg6 41. Ne6 Nc3 42. Kh4 Nd5 43. a4 bxa4 44. bxa4 f5 45. a5 Kf6 46.
Nc5 Ke5 47. a6 Nc7 48. a7 Kd5 49. Na6 Na8 50. Kxh5 Kc6 51. Kg5 1-0